000 00710nam a2200229Ia 4500
001 25236
005 20260428114608.0
008 260414t2016||||xx |||||||||||||| ||spa||
020 _a9786123113292
041 _aESP
082 _a346.41
_bA66
100 _aArata Solís, Moisés
_eAUT
245 0 _aLa copropiedad y derechos de los copropietarios
250 _aPrimera edición
260 _aLima :
_bGaceta Jurídica,
_c2016
300 _a174 páginas :
_c24 cm.
650 _aDER
653 _aCopropiedad - Legislación - Perú; Derechos reales - Perú
654 _aCDE
856 _uhttps://itmsp.museknowledge.com/UCSP?groupID=2
_zVéase además: Biblioteca Digital
942 _cLIB
_dJUS
_fMAT
_2ddc
999 _c25236
_d25236